000 00957nam a22002897a 4500
005 20240521125950.0
010 _aENG-140387
020 _a9789394609204
_c225.00
035 _aEN-123919
037 _bDBAD
082 _a572
100 _aShanthi, B
_966639
245 _aPhase I-I MBBS Competency Curriculam Based Biochemistry Practical Manual/
_cBy B. Shanthi...[et.al]
260 _aTamil Nadu
_bDepartment Of Biochemistry Sree Balaji Medical College & Hospital
_c2022
270 _aChromepet, Chennai
_bTamil Nadu
_e600044
300 _a97p.
_c28cm(pb)
700 _aSelvi, V.S Kalai
_966582
700 _aSumathi, K
_966583
700 _aChandrika, A. Mary
_966584
700 _aShenbagalalitha, S
_966585
700 _aSridevi, Chaganti
_966586
700 _aRani, A.Jamuna
_966587
700 _aV.P, Nivedhini
_966588
700 _aVasudeven, E
_966589
700 _aMahalakshmi, M
_966590
942 _2ddc
_cEN
_h572
_mSHA
999 _c203072
_d203072